[Event "JAGI"]
[Site "SchemingMind.com"]
[Date "2023.02.08"]
[Round "-"]
[White "Matrix64"]
[Black "malcolm chugg"]
[Result "1-0"]
[WhiteCountry "USA"]
[BlackCountry "WLS"]
[WhiteElo "1658"]
[WhiteRD "179"]
[BlackElo "1200"]
[BlackRD "51"]
[GameID "731147"]

1. e4 d6 2. d4 Nc6 3. Nf3 e6 4. Bb5 a6 5. Ba4 b5 6. Bb3 e5 7. dxe5 Nxe5 8. Nxe5 dxe5 9. Bxf7+ Kxf7 10. Qxd8 Be7
11. Qxc7 Nf6 12. Bg5 h6 13. Bxf6 gxf6 14. Nc3 Re8 15. f4 exf4 16. O-O Kf8 17. Qxf4 Kg7 18. Nd5 Ra7 19. Nxe7 Raxe7 20. Qxf6+ Kg8
21. Qg6+ Kh8 22. Qxh6+ Rh7 23. Rf8+
1-0

[Event "JAGI"]
[Site "SchemingMind.com"]
[Date "2023.02.08"]
[Round "-"]
[White "Steven DuCharme"]
[Black "ienybr"]
[Result "0-1"]
[WhiteCountry "USA"]
[BlackCountry "USA"]
[WhiteElo "1515"]
[WhiteRD "67"]
[BlackElo "1737"]
[BlackRD "171"]
[GameID "731148"]

1. e4 e5 2. Nf3 Nc6 3. Bb5 Nf6 4. d3 Bc5 5. O-O Nd4 6. Nxd4 Bxd4 7. c3 Bb6 8. h3 c6 9. Ba4 d5 10. Bg5 dxe4
11. dxe4 Qxd1 12. Rxd1 Nxe4 13. Be3 Bxe3 14. fxe3 Bf5 15. Nd2 Nc5 16. Bb3 Ke7 17. g4 Bd3 18. Kf2 Rad8 19. Rac1 h5 20. Kg3 hxg4
21. hxg4 Be2
0-1

[Event "JAGI"]
[Site "SchemingMind.com"]
[Date "2023.02.07"]
[Round "-"]
[White "ienybr"]
[Black "Derek Price"]
[Result "1-0"]
[WhiteCountry "USA"]
[BlackCountry "ENG"]
[WhiteElo "2209"]
[WhiteRD "96"]
[BlackElo "2356"]
[BlackRD "74"]
[GameID "731149"]

1. d4 d5 2. c4 c6 3. Nf3 Nf6 4. e3 e6 5. Nc3 Nbd7 6. Be2 Bd6 7. O-O O-O 8. b3 b6 9. Bb2 Bb7 10. Qc2 Qe7
11. a4 a5 12. Bd3 Bb4 13. Rac1 h6 14. Rfd1 Rac8 15. Qe2 Bd6 16. e4 dxe4 17. Nxe4 Nxe4 18. Qxe4 Nf6 19. Qh4 Ba3 20. Bxa3 Qxa3
21. g4 c5 22. g5 hxg5 23. Nxg5 g6 24. d5 exd5 25. Qh6 Qb2 26. Rc2 Qe5 27. Re2 Qd4 28. h3 Rc7 29. Ree1 Qc3 30. cxd5 Bxd5
31. Re3 Qxb3 32. Be2 Qa2 33. Bg4 Ra8 34. Rxd5 Qxd5 35. Ne6 Ne8 36. Qf8+ Kh7 37. Bf3 fxe6 38. Bxd5 exd5 39. Rxe8 Rxe8 40. Qxe8 d4
41. Qb5 Rb7 42. Kf1 Kh6 43. Qc6 Rf7 44. Qxb6 Rf5 45. Qxa5 d3 46. Qd2+
1-0

[Event "JAGI"]
[Site "SchemingMind.com"]
[Date "2023.02.07"]
[Round "-"]
[White "MazetaFighter"]
[Black "ienybr"]
[Result "0-1"]
[WhiteCountry "GRE"]
[BlackCountry "USA"]
[WhiteElo "2005"]
[WhiteRD "81"]
[BlackElo "2076"]
[BlackRD "106"]
[GameID "731150"]

1. e4 e5 2. Nf3 Nc6 3. Bb5 Nf6 4. d3 Bc5 5. O-O Nd4 6. Nxd4 Bxd4 7. Nd2 c6 8. Ba4 d6 9. c3 Bb6 10. Bb3 O-O
11. Nc4 Bg4 12. Qe1 Bc7 13. Bg5 h6 14. Bh4 g5 15. Bg3 Bh5 16. Qd2 Bg6 17. h4 Nh5 18. hxg5 Nxg3 19. fxg3 b5 20. Nxd6 Bxd6
21. gxh6 a5 22. g4 a4 23. Bd1 Bc5+ 24. Rf2 Qh4 25. b4 Bxf2+ 26. Qxf2 Qxh6 27. Qc5 Qd2 28. Qxc6 Qe1+ 29. Kh2 Kg7
0-1

[Event "JAGI"]
[Site "SchemingMind.com"]
[Date "2023.02.07"]
[Round "-"]
[White "ienybr"]
[Black "Phillip Beckett"]
[Result "1-0"]
[WhiteCountry "USA"]
[BlackCountry "ENG"]
[WhiteElo "1737"]
[WhiteRD "171"]
[BlackElo "1467"]
[BlackRD "58"]
[GameID "731151"]

1. d4 d5 2. c4 e6 3. Nf3 Nf6 4. g3 Be7 5. Bg2 c6 6. O-O Nbd7 7. Qc2 O-O 8. Nbd2 Nb6 9. b3 dxc4 10. bxc4 Bd7
11. c5 Nbd5 12. e4 Nb4 13. Qb3 a5 14. a3 Na6 15. Qxb7 Qc8 16. Qb2 Rb8 17. Qc2 Qc7 18. Nc4 Rb7 19. Bf4 Rfb8 20. Bxc7 Rxc7
21. Nxa5
1-0

[Event "JAGI"]
[Site "SchemingMind.com"]
[Date "2023.02.07"]
[Round "-"]
[White "malcolm chugg"]
[Black "ienybr"]
[Result "0-1"]
[WhiteCountry "WLS"]
[BlackCountry "USA"]
[WhiteElo "1200"]
[WhiteRD "51"]
[BlackElo "1737"]
[BlackRD "171"]
[GameID "731152"]

1. e3 d5 2. d4 Nf6 3. Bd3 c5 4. Nf3 Bg4 5. Nbd2 Nc6 6. h3 Bh5 7. g4 Bg6 8. Bxg6 hxg6 9. dxc5 Nxg4 10. Nd4 Nf6
11. N2f3 e6 12. Nb3 Bxc5 13. Bd2 Qb6 14. Qc1 d4 15. Nxc5 Qxc5 16. Nxd4 Nxd4 17. exd4 Qxd4 18. Bc3 Qe4+
0-1

[Event "JAGI"]
[Site "SchemingMind.com"]
[Date "2023.02.07"]
[Round "-"]
[White "ienybr"]
[Black "kenneth m day"]
[Result "1-0"]
[WhiteCountry "USA"]
[BlackCountry "USA"]
[WhiteElo "1923"]
[WhiteRD "145"]
[BlackElo "1679"]
[BlackRD "60"]
[GameID "731153"]

1. d4 Nf6 2. c4 e5 3. dxe5 Ng4 4. Bf4 Nc6 5. Nf3 Bb4+ 6. Nbd2 O-O 7. h3 Nxf2 8. Kxf2 Bc5+ 9. e3 d6 10. Ne4 Bb6
11. exd6 cxd6 12. Qxd6 Re8 13. Qxd8 Nxd8 14. Nd6 Re6 15. Bd3 Bxe3+ 16. Bxe3 Rxd6 17. Rad1 Be6 18. Bxh7+ Kxh7 19. Rxd6 Nc6 20. Ng5+ Kg6
21. b3
1-0

[Event "JAGI"]
[Site "SchemingMind.com"]
[Date "2023.02.07"]
[Round "-"]
[White "ienybr"]
[Black "Chessibelle"]
[Result "1-0"]
[WhiteCountry "USA"]
[BlackCountry "ENG"]
[WhiteElo "1737"]
[WhiteRD "171"]
[BlackElo "1160"]
[BlackRD "56"]
[GameID "731154"]

1. d4 d5 2. c4 Be6 3. cxd5 Bxd5 4. Nc3 Nf6 5. f3 g6 6. e4 Be6 7. Nge2 Bd7 8. Be3 e6 9. Qd2 h6 10. Nf4 g5
11. Nd3 b6 12. h4 Nh7 13. hxg5 Be7 14. Rxh6 Bf8 15. Rh1 Bd6 16. e5 Be7 17. O-O-O Nc6 18. Kb1 Nb4 19. Nxb4 Bxb4 20. Qc2 Bf8
21. g6 Be7 22. gxf7+ Kf8 23. Rxh7 Bg5 24. Rxh8+ Kg7 25. Qh7#
1-0

[Event "JAGI"]
[Site "SchemingMind.com"]
[Date "2023.02.07"]
[Round "-"]
[White "JAHI"]
[Black "ienybr"]
[Result "0-1"]
[WhiteCountry "INT"]
[BlackCountry "USA"]
[WhiteElo "2158"]
[WhiteRD "75"]
[BlackElo "2209"]
[BlackRD "96"]
[GameID "731156"]

1. f3 e5 2. g3 Nc6 3. Bg2 d5 4. Kf1 Be6 5. d3 Bc5 6. Nc3 Nge7 7. e3 d4 8. exd4 Qxd4 9. Qe1 O-O-O 10. f4 Rhe8
11. Nf3 Qd7 12. fxe5 Nb4 13. Qe2 Nf5 14. a3 Nd5 15. Nxd5 Bxd5 16. c3 f6 17. d4 Bb6 18. a4 fxe5 19. Nxe5 Rxe5 20. dxe5 Qc6
21. Bxd5 Qxd5 22. Rg1 Qd1+ 23. Qxd1 Rxd1+ 24. Ke2 Rxg1 25. a5 Be3 26. g4 Rxc1 27. Ra4 Rc2+ 28. Kd3 Rd2+ 29. Ke4 Rxh2 30. Kxf5 Rxb2
31. Ke6 Bd2 32. c4 Bg5 33. a6 Rb6+ 34. Kf7 Rxa6 35. Rb4 h6 36. c5 Ra3 37. c6 bxc6 38. Re4 Re3 39. Ra4 Rxe5 40. Kxg7 c5
41. Rc4 c6 42. Ra4 Kb7 43. Rc4 a5 44. Kg6 Ka6 45. Kf7 Kb5 46. Rc2 c4 47. Kg8 Rd5 48. Rb2+ Ka4 49. Re2 Kb3 50. Kg7 c3
51. Re6 c2 52. Rxc6 c1=Q 53. Rxc1 Bxc1 54. Kf7 Bg5 55. Ke6 Rd8 56. Ke5 a4 57. Ke4 a3 58. Kf3 a2 59. Kg2 a1=Q 60. Kf3 Qe5
61. Kg2 Qe2+ 62. Kg1 Rd1#
0-1

[Event "JAGI"]
[Site "SchemingMind.com"]
[Date "2023.02.07"]
[Round "-"]
[White "Laci"]
[Black "ienybr"]
[Result "0-1"]
[WhiteCountry "HUN"]
[BlackCountry "USA"]
[WhiteElo "1856"]
[WhiteRD "98"]
[BlackElo "2209"]
[BlackRD "96"]
[GameID "731158"]

1. e4 e5 2. f4 exf4 3. Nf3 d6 4. Bc4 h6 5. d4 g5 6. O-O Nc6 7. c3 Bg7 8. Qb3 Qd7 9. Bd3 Nf6 10. Bd2 O-O
11. Be1 Ne7 12. h3 c5 13. Bf2 d5 14. exd5 cxd4 15. Nxd4 Nfxd5 16. Na3 Bxd4 17. Bxd4 Nc6 18. Bc5 Ne3 19. Rad1 Nxd1
0-1

[Event "JAGI"]
[Site "SchemingMind.com"]
[Date "2023.02.07"]
[Round "-"]
[White "DMark4"]
[Black "ienybr"]
[Result "0-1"]
[WhiteCountry "SCO"]
[BlackCountry "USA"]
[WhiteElo "1319"]
[WhiteRD "113"]
[BlackElo "1737"]
[BlackRD "171"]
[GameID "731159"]

1. d4 Nf6 2. c4 e6 3. Nc3 Bb4 4. a3 Bxc3+ 5. bxc3 b6 6. f3 Nc6 7. e4 Na5 8. Bd3 Ba6 9. Qa4 Rc8 10. Ne2 c5
11. d5 O-O 12. e5 Nxd5 13. O-O Ne7 14. Ng3 d5 15. Rd1 Bxc4
0-1

[Event "JAGI"]
[Site "SchemingMind.com"]
[Date "2023.02.07"]
[Round "-"]
[White "ienybr"]
[Black "Megabulles"]
[Result "1-0"]
[WhiteCountry "USA"]
[BlackCountry "GER"]
[WhiteElo "1923"]
[WhiteRD "145"]
[BlackElo "2211"]
[BlackRD "72"]
[GameID "731160"]

1. d4 d5 2. c4 c6 3. Nf3 Nf6 4. e3 Bg4 5. h3 Bh5 6. Nc3 e6 7. g4 Bg6 8. Ne5 dxc4 9. Bxc4 Nbd7 10. Nxg6 hxg6
11. Bd2 Nd5 12. Qe2 Be7 13. Bb3 g5 14. Nxd5 cxd5 15. O-O-O a5 16. Ba4 Kf8 17. Kb1 Nb6= 18. Bb5 Bf6 19. f3 Nc8 20. Rc1 Nd6
21. Bd3 Rc8 22. Rxc8 Nxc8 23. Qe1 b6 24. Bc3 Kg8= 25. Qf2 Nd6 26. e4 Be7 27. b3 Qd7 28. Qe2 dxe4 29. fxe4 a4 30. bxa4 Qxa4
31. e5 Ne8 32. Qc2 Qc6 33. Be4 Qb5+ 34. Bb2
1-0

[Event "JAGI"]
[Site "SchemingMind.com"]
[Date "2023.02.08"]
[Round "-"]
[White "ienybr"]
[Black "Matrix64"]
[Result "1-0"]
[WhiteCountry "USA"]
[BlackCountry "USA"]
[WhiteElo "1923"]
[WhiteRD "145"]
[BlackElo "1662"]
[BlackRD "136"]
[GameID "731161"]

1. d4 Nf6 2. c4 g6 3. Nc3 d5 4. cxd5 Nxd5 5. e4 Nxc3 6. bxc3 Bg7 7. Nf3 O-O 8. Be3 c5 9. Be2 Nc6 10. O-O cxd4
11. cxd4 Bg4 12. d5 Bxf3 13. Bxf3 Nb4 14. Qd2 Na6 15. Rab1 b6 16. Qe2 Nc5 17. e5 Rc8 18. Bf4 Re8 19. Rbc1 f5 20. e6 h6
21. h4 Kh7 22. Rfd1 Ne4 23. Bxe4 fxe4 24. Qxe4 Rf8 25. Rxc8 Qxc8 26. h5 Rf6 27. hxg6+ Rxg6 28. d6 exd6 29. Rxd6 Qe8 30. e7
1-0

[Event "JAGI"]
[Site "SchemingMind.com"]
[Date "2023.02.08"]
[Round "-"]
[White "Chessibelle"]
[Black "Derek Price"]
[Result "0-1"]
[WhiteCountry "ENG"]
[BlackCountry "ENG"]
[WhiteElo "1160"]
[WhiteRD "56"]
[BlackElo "2358"]
[BlackRD "61"]
[GameID "731162"]

1. Nf3 Nf6 2. h3 b6 3. e3 Bb7 4. Be2 d5 5. d4 Nbd7 6. O-O e6 7. Bd2 Bd6 8. c3 Ne4 9. Be1 h5 10. g3 f5
11. a3 Qf6 12. b4 Qh6 13. Qc1 h4 14. Nxh4 g5 15. f3 Nxg3 16. Bxg3 Bxg3 17. Kg2 Qxh4 18. Rh1 Bf2 19. Kf1 Qg3
0-1

[Event "JAGI"]
[Site "SchemingMind.com"]
[Date "2023.02.08"]
[Round "-"]
[White "Chessibelle"]
[Black "Phillip Beckett"]
[Result "0-1"]
[WhiteCountry "ENG"]
[BlackCountry "ENG"]
[WhiteElo "1160"]
[WhiteRD "56"]
[BlackElo "1467"]
[BlackRD "58"]
[GameID "731163"]

1. Nf3 Nf6 2. d4 d5 3. e3 e6 4. Bd2 c5 5. Bb5+ Bd7 6. Bd3 Nc6 7. O-O Bd6 8. g3 cxd4 9. exd4 O-O 10. b3 Rc8
11. c4 dxc4 12. bxc4 Bb8 13. Re1 Qe7 14. Ng5 h6 15. Nh3 Nxd4 16. f4 Bc6 17. Bc3 Rfd8 18. Nd2 Qc5 19. Nb3 Nxb3+ 20. Nf2 Nd4
21. Ne4 Bxe4 22. Bf1 Nf3+ 23. Kg2 Rxd1 24. Rexd1 Qg1+ 25. Kh3 Qxh2#
0-1

[Event "JAGI"]
[Site "SchemingMind.com"]
[Date "2023.02.08"]
[Round "-"]
[White "Chessibelle"]
[Black "kenneth m day"]
[Result "0-1"]
[WhiteCountry "ENG"]
[BlackCountry "USA"]
[WhiteElo "1160"]
[WhiteRD "56"]
[BlackElo "1628"]
[BlackRD "56"]
[GameID "731164"]

1. Nf3 d5 2. d4 Nf6 3. h3 Nbd7 4. e3 e6 5. Bd2 Be7 6. Be2 O-O 7. Nc3 c5 8. O-O b6 9. a3 Bb7 10. Bd3 e5
11. Ne2 e4 12. Bb5 exf3 13. Ng3 fxg2 14. Kxg2 a6 15. Bd3 Rc8 16. f3 Bd6 17. f4 Re8 18. Qf3 cxd4 19. exd4 Qc7 20. Qe2 Rxe2+
21. Bxe2 Qxc2 22. Be3 g6 23. b4 Ne4 24. Rfe1 Nxg3 25. Kf3 Nf5 26. Bf2 Qe4+ 27. Kg4 Qxf4#
0-1

[Event "JAGI"]
[Site "SchemingMind.com"]
[Date "2023.02.07"]
[Round "-"]
[White "JAHI"]
[Black "Chessibelle"]
[Result "1-0"]
[WhiteCountry "INT"]
[BlackCountry "ENG"]
[WhiteElo "2168"]
[WhiteRD "68"]
[BlackElo "1160"]
[BlackRD "56"]
[GameID "731165"]

1. f3 e5 2. g3 d6 3. Bg2 Nc6 4. Kf1 b6 5. f4 g6 6. Bxc6+ Bd7 7. Bxd7+ Qxd7 8. d3 Ne7 9. a3 Qc6 10. Nf3 Nf5
11. e3 Be7 12. e4 Qd7 13. exf5 Qxf5 14. Kg2 O-O-O 15. a4 h5 16. a5 c5 17. a6 d5 18. Nxe5 d4 19. Qf3 Rhg8 20. Qb7#
1-0

[Event "JAGI"]
[Site "SchemingMind.com"]
[Date "2023.02.07"]
[Round "-"]
[White "Laci"]
[Black "Chessibelle"]
[Result "1-0"]
[WhiteCountry "HUN"]
[BlackCountry "ENG"]
[WhiteElo "2318"]
[WhiteRD "116"]
[BlackElo "1160"]
[BlackRD "56"]
[GameID "731167"]

1. e4 e5 2. Nf3 d6 3. Bc4 h6 4. d4 Be7 5. dxe5 Bd7 6. Qd5 Be6 7. Qxb7 Nd7 8. Bxe6 fxe6 9. Qc6 Bf8 10. Nc3 Be7
11. Be3 g6 12. O-O-O Kf8 13. Nb5 Nxe5 14. Nxe5 Nf6 15. Nxg6+ Kg7 16. Nf4 Nd7 17. Nxe6+ Kf7 18. Nxd8+
1-0

[Event "JAGI"]
[Site "SchemingMind.com"]
[Date "2023.02.07"]
[Round "-"]
[White "kenneth m day"]
[Black "JAHI"]
[Result "0-1"]
[WhiteCountry "USA"]
[BlackCountry "INT"]
[WhiteElo "1670"]
[WhiteRD "62"]
[BlackElo "2175"]
[BlackRD "78"]
[GameID "731180"]

1. e4 a6 2. d4 d6 3. Nc3 g6 4. Be3 Bg7 5. Nf3 Bg4 6. Be2 Bxf3 7. Bxf3 Kf8 8. Qd2 Nd7 9. O-O-O a5 10. e5 c6
11. exd6 exd6 12. h4 h6 13. Ne4 Ndf6 14. Nxf6 Nxf6 15. d5 c5 16. g4 a4 17. Bf4 b6 18. g5 hxg5 19. Bxg5 a3 20. b3 Qd7
21. Qf4 Nh5 22. Bxh5 Rxh5 23. Rde1 Be5 24. Qf3 b5 25. Bf6 Rf5 26. Qg4 Bxf6 27. h5 Re8 28. hxg6 Rxe1+ 29. Rxe1 Bg5+ 30. Kb1 Re5
31. Re4 Qxg4
0-1

[Event "JAGI"]
[Site "SchemingMind.com"]
[Date "2023.02.07"]
[Round "-"]
[White "Derek Price"]
[Black "Laci"]
[Result "1/2-1/2"]
[WhiteCountry "ENG"]
[BlackCountry "HUN"]
[WhiteElo "2358"]
[WhiteRD "61"]
[BlackElo "2318"]
[BlackRD "116"]
[GameID "731186"]

1. c4 g6 2. Nf3 Nf6 3. g3 Bg7 4. Bg2 d6 5. O-O O-O 6. Nc3 e5 7. d3 a5 8. Rb1 c6 9. a3 Re8 10. Bd2 d5
11. cxd5 cxd5 12. Rc1 h6 13. h3 Nc6 14. e4 d4 15. Na4 Bf8 16. Nh2 Ra6 17. f4 Nh5 18. Qf3 exf4 19. gxf4 Kh7 20. Ng4 f5
21. exf5 Bxf5 22. Rf2 Qh4=
1/2-1/2

[Event "JAGI"]
[Site "SchemingMind.com"]
[Date "2023.02.07"]
[Round "-"]
[White "kenneth m day"]
[Black "Laci"]
[Result "1-0"]
[WhiteCountry "USA"]
[BlackCountry "HUN"]
[WhiteElo "1697"]
[WhiteRD "63"]
[BlackElo "1856"]
[BlackRD "98"]
[GameID "731187"]

1. e4 e5 2. Nf3 Nc6 3. c3 Nf6 4. d4 Nxe4 5. d5 Bc5 6. dxc6 Bxf2+ 7. Ke2 Bb6 8. Be3 bxc6 9. Nbd2 Nf6 10. Qc2 O-O
11. Re1 Bxe3 12. Kxe3 d5 13. Nxe5 Re8 14. Kf2 Rxe5 15. Rxe5 Ng4+ 16. Ke1 Nxe5 17. Be2 Qg5 18. Bf3
1-0

[Event "JAGI"]
[Site "SchemingMind.com"]
[Date "2023.02.07"]
[Round "-"]
[White "Laci"]
[Black "JAHI"]
[Result "0-1"]
[WhiteCountry "HUN"]
[BlackCountry "INT"]
[WhiteElo "1856"]
[WhiteRD "98"]
[BlackElo "2158"]
[BlackRD "75"]
[GameID "731188"]

1. e4 a6 2. Bc4 d6 3. c3 g6 4. d4 Bg7 5. Nf3 Kf8 6. O-O h6 7. Nbd2 Nc6 8. d5 Ne5 9. Nxe5 dxe5 10. Re1 Nf6
11. b4 Kg8 12. Bb2 Kh7 13. Bb3 Nh5 14. g3 Kg8 15. c4 Rh7
0-1

[Event "JAGI"]
[Site "SchemingMind.com"]
[Date "2023.02.07"]
[Round "-"]
[White "Derek Price"]
[Black "DMark4"]
[Result "1-0"]
[WhiteCountry "ENG"]
[BlackCountry "SCO"]
[WhiteElo "2364"]
[WhiteRD "72"]
[BlackElo "1258"]
[BlackRD "112"]
[GameID "731189"]

1. c4 Nf6 2. g3 e6 3. Bg2 c5 4. Nf3 d5 5. cxd5 exd5 6. d4 Nc6 7. O-O Be7 8. Nc3 O-O 9. Bg5 cxd4 10. Nxd4 h6
11. Be3 Bg4 12. h3 Be6 13. Rc1 Qd7 14. Nxe6 fxe6 15. f4 Rad8 16. Bf2 Kh8 17. Qc2 Bb4 18. a3 Bxc3 19. Qxc3 Rde8 20. b4
1-0

[Event "JAGI"]
[Site "SchemingMind.com"]
[Date "2023.02.07"]
[Round "-"]
[White "Phillip Beckett"]
[Black "DMark4"]
[Result "1-0"]
[WhiteCountry "ENG"]
[BlackCountry "SCO"]
[WhiteElo "1474"]
[WhiteRD "58"]
[BlackElo "1258"]
[BlackRD "112"]
[GameID "731190"]

1. e4 c5 2. Nf3 d6 3. d4 cxd4 4. Nxd4 Nf6 5. Nc3 a6 6. Bg5 e6 7. f4 Be7 8. Qf3 h6 9. Bh4 Qc7 10. g4 b5
11. Bd3 Nbd7 12. g5 hxg5 13. Bxg5 Bb7 14. O-O-O Nc5 15. h4 b4 16. Nce2 Nxd3+ 17. Qxd3 Bxe4 18. Qg3
1-0

[Event "JAGI"]
[Site "SchemingMind.com"]
[Date "2023.02.07"]
[Round "-"]
[White "kenneth m day"]
[Black "DMark4"]
[Result "1-0"]
[WhiteCountry "USA"]
[BlackCountry "SCO"]
[WhiteElo "1682"]
[WhiteRD "62"]
[BlackElo "1258"]
[BlackRD "112"]
[GameID "731191"]

1. e4 c5 2. d4 cxd4 3. c3 Nf6 4. e5 Nd5 5. Bc4 Qc7 6. Bb3 Qxe5+ 7. Ne2 Nc6 8. Bxd5 Qxd5 9. O-O d3 10. Nf4 Qa5
11. Qxd3 e6 12. Nd2 Be7 13. Nc4 Qc7 14. Be3 O-O 15. Nh5 d5 16. Nd2 Rd8 17. Rac1 e5 18. Qe2 g6 19. Ng3 h5 20. Rfe1
1-0

[Event "JAGI"]
[Site "SchemingMind.com"]
[Date "2023.02.08"]
[Round "-"]
[White "Chessibelle"]
[Black "DMark4"]
[Result "0-1"]
[WhiteCountry "ENG"]
[BlackCountry "SCO"]
[WhiteElo "1160"]
[WhiteRD "56"]
[BlackElo "1319"]
[BlackRD "113"]
[GameID "731192"]

1. Nf3 b6 2. d4 Bb7 3. g3 Nf6 4. Nc3 e6 5. Bd2 d5 6. e3 Be7 7. Bb5+ c6 8. Be2 O-O 9. O-O Nbd7 10. b3 a6
11. Ng5 h6 12. Nh3 c5 13. Bd3 Rc8 14. Qf3 cxd4 15. Ne2 e5 16. c3 e4 17. Qf4 dxc3 18. Nxc3 exd3 19. a3 Nc5 20. Qf3 Nxb3
21. Rad1 Nxd2 22. Rxd2 Rxc3 23. Nf4 Qd7 24. Nxd3 d4 25. Qe2 Qh3 26. f3 dxe3 27. Rb2 Rfc8 28. Rbb1 Rc2 29. Nf4 Qf5 30. Qxe3 Bc5
31. g4 Bxe3+ 32. Kh1 Qxf4
0-1

[Event "JAGI"]
[Site "SchemingMind.com"]
[Date "2023.02.12"]
[Round "-"]
[White "DMark4"]
[Black "JAHI"]
[Result "0-1"]
[WhiteCountry "SCO"]
[BlackCountry "INT"]
[WhiteElo "1258"]
[WhiteRD "112"]
[BlackElo "2146"]
[BlackRD "74"]
[GameID "731193"]

1. g3 h6 2. Bg2 h5 3. Nf3 a6 4. d3 a5 5. O-O h4 6. Nxh4 Rxh4 7. gxh4 d6 8. Nc3 Nf6 9. Bg5 g6 10. Bxf6 exf6
11. e4 Bg7 12. Qd2 Nc6
0-1

[Event "JAGI"]
[Site "SchemingMind.com"]
[Date "2023.02.07"]
[Round "-"]
[White "DMark4"]
[Black "Laci"]
[Result "0-1"]
[WhiteCountry "SCO"]
[BlackCountry "HUN"]
[WhiteElo "1258"]
[WhiteRD "112"]
[BlackElo "1859"]
[BlackRD "102"]
[GameID "731195"]

1. d4 d5 2. c4 e5 3. dxe5 d4 4. Nf3 Nc6 5. a3 Nge7 6. b4 Ng6 7. Bb2 a5 8. b5 Ncxe5 9. Nxe5 Nxe5 10. e3 Be6
11. Bxd4 Nxc4 12. Qc2 Nd6 13. Bd3 Qg5 14. O-O Nxb5 15. Bxb5+ Qxb5 16. Qxc7 Qc6 17. Rc1 Qxc7 18. Nd2 Qd7
0-1

[Event "JAGI"]
[Site "SchemingMind.com"]
[Date "2023.02.08"]
[Round "-"]
[White "Steven DuCharme"]
[Black "Megabulles"]
[Result "0-1"]
[WhiteCountry "USA"]
[BlackCountry "GER"]
[WhiteElo "1515"]
[WhiteRD "67"]
[BlackElo "2195"]
[BlackRD "74"]
[GameID "731196"]

1. c4 c6 2. g3 d5 3. c5 e5 4. Bg2 Bxc5 5. Nc3 Nf6 6. e3 Bf5 7. Nge2 Bd3 8. O-O Nbd7 9. Re1 Bd6 10. Kh1 a6
11. Ng1 e4 12. Bf1 Ne5 13. f4 exf3 14. Nxf3 Nfg4 15. Kg2 Nxf3 16. Qxf3 Ne5 17. Qh5 Bg6 18. Qh4 Qxh4 19. gxh4 O-O 20. d4 Nd3
21. Bxd3 Bxd3 22. Bd2 Rfe8 23. a3 Re6
0-1

[Event "JAGI"]
[Site "SchemingMind.com"]
[Date "2023.02.07"]
[Round "-"]
[White "Megabulles"]
[Black "Derek Price"]
[Result "1/2-1/2"]
[WhiteCountry "GER"]
[BlackCountry "ENG"]
[WhiteElo "2195"]
[WhiteRD "74"]
[BlackElo "2358"]
[BlackRD "61"]
[GameID "731197"]

1. d4 d5 2. Nf3 Nf6 3. e3 e6 4. Bd3 Be7 5. Nbd2 O-O 6. O-O c5 7. c3 Nc6 8. dxc5 Bxc5 9. b4 Be7 10. Bb2 a6
11. a3 b5 12. a4 Rb8 13. axb5 axb5 14. Qe2 Qb6 15. Rfd1 Rd8 16. h3 h6 17. e4 dxe4 18. Nxe4 Nd5 19. g3 f5 20. Nc5 Bxc5
21. bxc5 Qxc5 22. Ba3 Qb6 23. Rac1 Ra8=
1/2-1/2

[Event "JAGI"]
[Site "SchemingMind.com"]
[Date "2023.02.07"]
[Round "-"]
[White "Megabulles"]
[Black "Phillip Beckett"]
[Result "1-0"]
[WhiteCountry "GER"]
[BlackCountry "ENG"]
[WhiteElo "2195"]
[WhiteRD "74"]
[BlackElo "1467"]
[BlackRD "58"]
[GameID "731198"]

1. d4 d5 2. Nf3 Nf6 3. e3 e6 4. Bd3 c5 5. c3 Nc6 6. Nbd2 Be7 7. O-O cxd4 8. exd4 O-O 9. Re1 Bd7 10. Ne5 Qc7
11. Ndf3 Rac8 12. Bg5 h6 13. Bf4 Bd6 14. Qd2 Be8 15. Bxh6 Nxe5 16. dxe5 Ne4 17. Bxe4 Bxe5 18. Nxe5
1-0

[Event "JAGI"]
[Site "SchemingMind.com"]
[Date "2023.02.07"]
[Round "-"]
[White "Megabulles"]
[Black "kenneth m day"]
[Result "1-0"]
[WhiteCountry "GER"]
[BlackCountry "USA"]
[WhiteElo "2300"]
[WhiteRD "70"]
[BlackElo "1697"]
[BlackRD "63"]
[GameID "731199"]

1. d4 Nf6 2. Nf3 d5 3. e3 Bg4 4. h3 Bf5 5. g4 Be4 6. Nc3 Bxf3 7. Qxf3 e6 8. g5 Ne4 9. Nxe4 dxe4 10. Qxe4 Nc6
11. Bb5 Qd7 12. Bd2 O-O-O 13. O-O-O Bd6 14. f4 Rde8 15. c4 a6 16. Bxc6 Qxc6 17. Qxc6 bxc6 18. Kc2 c5 19. dxc5 Bxc5 20. b4 Be7
21. Bc3 f6 22. h4 Rd8 23. gxf6 Bxf6 24. Rxd8+ Rxd8 25. Bxf6 gxf6 26. Rg1 Rd7 27. a4 Kb7 28. a5 Kc6 29. Rg8 Kb7 30. Rf8 f5
31. Re8 Kc6 32. Rxe6+ Rd6 33. Rxd6+ Kxd6 34. Kd3 c6 35. e4 fxe4+ 36. Kxe4 Ke6 37. b5
1-0

[Event "JAGI"]
[Site "SchemingMind.com"]
[Date "2023.02.07"]
[Round "-"]
[White "Megabulles"]
[Black "Chessibelle"]
[Result "1-0"]
[WhiteCountry "GER"]
[BlackCountry "ENG"]
[WhiteElo "2195"]
[WhiteRD "74"]
[BlackElo "1160"]
[BlackRD "56"]
[GameID "731200"]

1. d4 d5 2. Nf3 Nf6 3. e3 Bd7 4. Bd3 g6 5. O-O e6 6. Nbd2 Be7 7. Re1 O-O 8. c3 a6 9. a4 Ng4 10. e4 c6
11. e5 f6 12. exf6 Bxf6 13. h3 Nh6 14. Ne5 Be8 15. Ndf3 Kg7 16. Bxh6+ Kg8 17. Bxf8 Kxf8 18. Qd2 Ke7 19. Qh6 Kd6 20. Qxh7 Be7
21. Nf7+ Bxf7 22. Qxf7 Nd7 23. Rxe6+ Kc7 24. Rxe7 Kb6 25. Rxd7 Qb8 26. Qe7 Ra7 27. a5#
1-0

[Event "JAGI"]
[Site "SchemingMind.com"]
[Date "2023.02.07"]
[Round "-"]
[White "JAHI"]
[Black "Megabulles"]
[Result "1-0"]
[WhiteCountry "INT"]
[BlackCountry "GER"]
[WhiteElo "2175"]
[WhiteRD "78"]
[BlackElo "2335"]
[BlackRD "68"]
[GameID "731201"]

1. f3 d5 2. f4 Nf6 3. Nf3 Bf5 4. g3 c5 5. Bg2 Nc6 6. Kf1 h6 7. d3 e6 8. e3 Bd6 9. Nc3 O-O 10. h3 Rc8
11. g4 Bg6 12. Bd2 d4 13. Ne2 dxe3 14. Bxe3 Nd5 15. Qd2 Qc7 16. c3 Rcd8 17. Nh4 Bh7 18. Be4 f5 19. gxf5 Nxe3+ 20. Qxe3 exf5
21. Bd5+ Kh8 22. Qf3 Be7 23. Ng2 Bf6 24. Kf2 Ne7 25. Bb3 b5 26. Rhd1 a5 27. a3 a4 28. Ba2 c4 29. dxc4 bxc4 30. Kg1 Qb6+
31. Qe3 Rxd1+ 32. Rxd1 Qxb2 33. Rd2 Qxa3 34. Bxc4 Ra8 35. Kh2 Bg8 36. Bxg8 Nxg8 37. Qb6 Bxc3 38. Rd3 Qb2 39. Qc6 Qxe2 40. Rxc3 Qe4
41. Qxe4 fxe4 42. Ra3 Ne7 43. Ne3 g6 44. Nc4 Nd5 45. Kg3 Kg7 46. h4 h5 47. Nd2 e3 48. Nf3 Kf6 49. Nd4 Ne7 50. Nc2 Nf5+
51. Kf3 Nxh4+ 52. Kxe3 Kf5 53. Ne1 Kg4 54. Nd3 Nf5+ 55. Kf2 Nd6 56. Nb2 Nb5 57. Rg3+ Kf5 58. Rg5+ Kf6 59. Nxa4 Rxa4 60. Rxb5 Rxf4+
61. Ke3 Rf5 62. Rb2 h4 63. Ke4 Kg5 64. Rb1 Kh5 65. Rb3 Rf8 66. Ke5 g5 67. Ke4 Kg4 68. Rb1 h3 69. Rh1 Kg3 70. Rg1+ Kh4
71. Ke5 g4 72. Ke6 h2 73. Rh1 g3 74. Ke7 Rf2 75. Kd7 Kh3 76. Rd1 Kg2 77. Rb1 h1=Q 78. Rxh1 Kxh1 79. Kd6 g2 80. Kd5 g1=Q
81. Kd4
1-0